BLACKPINK Quiz (Are you a real Blink?) - Statistics

General Stats
  • This quiz has been taken 446 times
  • The average score is 41 of 67
Answer Stats
Question Answer % Correct
Who is Rosé?
97%
Which one is Blackpink's represent colors? Black-Pink
97%
Who is Lisa?
96%
Who is Jisoo?
96%
Who is Jennie?
96%
Blackpink is under what entertainment? YG
96%
Which one is Blackpink's official fandom name? Blink
94%
Which one is Blackpink's lightstick?
93%
Who is the main dancer? Lisa
91%
Who is the main vocalist? Rosé
91%
Who is the visual? Jisoo
90%
Who officially announced her agency, BLISSOO? Jisoo
88%
Who is the main rapper? Jennie
86%
With which of these artists did they not collaborate? Taylor Swift
86%
Who is the oldest member? Jisoo
84%
Who is the maknae? Lisa
82%
Who has five cats, named Leo, Luca, Lily, Louis, and Lego? Lisa
80%
Which member is known for her guitar-playing skills? Rosé
80%
Who has been listed as an actress under YG Stage? Jisoo
78%
Which member released the first solo? Jennie
77%
Which date did they debut? 8 August 2016
73%
Who established her own label LLOUD? Lisa
72%
Which album did they debut? Square One
70%
Which MV has the most views? Ddu-Du Ddu-Du
69%
Which member is known for her multilingual skill? Lisa
69%
Who has designed a capsule collection for Calvin Klein and a Porsche Taycan? Jennie
68%
What is the name of Jisoo's drama? Snowdrop
67%
Who has 2 puppies, Kai and Kuma? Jennie
65%
Who has adopted a dog named Hank? Rosé
65%
Who is known as the ‘YG princess’ in the group? Jennie
63%
Who has a dog named Dalgom? Jisoo
62%
Which Blackpink MV hit 1 Billion views first? Ddu-Du Ddu-Du
61%
Who founded OA (ODD ATELIER)? Jennie
61%
Who is the number one most followed K-pop idol on Instagram? Lisa
61%
What year was "Kill This Love" released? 2019
59%
Who made her acting debut in U.S anthology series “The White Lotus”? Lisa
58%
Who joined a choir, singing in churches? Rosé
58%
When is Jisoo's birthday? 3 January 1995
57%
Who had “mandukie” as a nickname because her cheeks looks like a dumpling and dumpling in korea is “Mandu”? Jennie
57%
What is Lisa's real birth name? Pranpriya Manobal
57%
When is Rosé's birthday? 11 February 1997
55%
When is Lisa's birthday? 27 March 1997
53%
Who lived in Auckland, New Zealand for 5 years? Jennie
53%
Who has been friends with Bambam for 20 years? Lisa
53%
When is Jennie's birthday? 16 January 1996
52%
What is the first world tour of Blackpink? In Your Area
50%
Who appeared on the King Of Masked Singer and passed the first round, but unfortunately she couldn’t pass the second round? Rosé
49%
What is the name of Blackpink first online concert? The Show
49%
In which year did Blackpink perform at Coachella? 2019
48%
Who was an Inkigayo MC alongside GOT7‘s Jinyoung and NCT‘s Doyoung? Jisoo
47%
Which country was Rosé born in? New Zealand
47%
Which member has the nickname "Human Gucci"? Jennie
46%
Who used to be a cheerleader? Rosé
46%
Who is the first KPOP idol to be in cover of Korea’s Top 6 magazines? (such as ELLE magazines, Cosmopolitan magazines, Harper’s Bazaar magazines, W magazines, Vogue Korea magazines, and Marie Claire magazines) Jennie
45%
Which one is Blackpink's official greeting? Hello. We are BLACKPINK!
44%
Who has a dog named Love which she adopted? Lisa
44%
Who has a pet fish named Joo-hwang? Rosé
44%
Who sang in LEE HI‘s ‘Special’ and Seungri ‘GG Be’? Jennie
37%
Who is one of the cast members in the show “Real Men 300”? Lisa
37%
Who appeared in BIG BANG Taeyang’s ‘Ringa Linga’ MV? Lisa
37%
Who had a cameo appearance on KBS’s ‘The Producers'? Jisoo
35%
Who is known as “Blackpink’s Goddess”? Rosé
21%
Which country was the first international show held in? Thailand
21%
Who can play the piano and the drums? Jisoo
20%
Whose solo ELLE issue is the most sold issue by a female artist and the second most sold by any artist? Rosé
18%
Who acted in NONA9ON CF (2014, 2015, 2016 and 2017)? Lisa
14%
Who was announced the first global ambassador of Yves Saint Laurent in 59 years? Jisoo
6%
No matching quizzes found
Score Distribution
Percent of People with Each Score
Percentile by Number Answered
Your Score History
You have not taken this quiz